The Lamp Through The Forest/ (Record no. 201867)

MARC details
000 -LEADER
fixed length control field 00509nam a22001817a 4500
005 - DATE AND TIME OF LATEST TRANSACTION
control field 20240408101943.0
010 ## - LCCN (DPL NO)
LC control number ENG-140003
020 ## - INTERNATIONAL STANDARD BOOK NUMBER
International Standard Book Number 9788194181972
Terms of availability 250.00
035 ## - SYSTEM CONTROL NUMBER
System control number EN-123535
037 ## - SOURCE OF ACQUISITION
Source of stock number/acquisition DBAD/PUB
082 ## - DEWEY DECIMAL CLASSIFICATION NUMBER
Classification number 881
100 ## - MAIN ENTRY--PERSONAL NAME
Personal name Ghosh, Ritwik
245 ## - TITLE STATEMENT
Title The Lamp Through The Forest/
Statement of responsibility, etc by Ritwik Ghosh
260 ## - PUBLICATION, DISTRIBUTION, ETC. (IMPRINT)
Place of publication, distribution, etc Kolkata
Name of publisher, distributor, etc Writers Workshop
Date of publication, distribution, etc 2019
270 ## - ADDRESS
Address C-532,Lake Garden
City Kolkata
Postal code 700045
300 ## - PHYSICAL DESCRIPTION
Extent 80p.
Dimensions 22(Hb)
942 ## - ADDED ENTRY ELEMENTS (KOHA)
Item type English Books
Classification part 881
Source of classification or shelving scheme Dewey Decimal Classification
Call number suffix GHO
Holdings
Withdrawn status Lost status Not for loan Collection code Home library Current library Date acquired Source of acquisition Cost, normal purchase price Full call number Barcode Copy number Cost, replacement price Koha item type
      Non-fiction Patel Nagar Patel Nagar 02/04/2024 DBAD 250.00 881 GHO EN-123535 1 250.00 English Books

© Delhi Public Library
Hit Counter
free hit counter